| 000 | 01136ngm a22004090a 4500 | ||
|---|---|---|---|
| 001 | PT42274 | ||
| 003 | AR-LpoUNG | ||
| 005 | 20210201235938.0 | ||
| 007 | vd cvaizq | ||
| 008 | 191001s2007||||ag |||||||||||||||||spa d | ||
| 037 | _c$3.35 | ||
| 040 |
_aAR-LpoUNG _bspa _cAR-LpoUNG _eaacr |
||
| 041 | _aspa | ||
| 044 | _aag | ||
| 082 | 0 | _a982.065 215des | |
| 100 | 1 |
_aSanders, Peter _edir. |
|
| 245 | 1 | 0 | _aDesaparecido |
| 260 |
_aBuenos Aires : _bMiradas al Sur, _c2007. |
||
| 300 | _aDVD (96 min.) : son., col. | ||
| 520 | _aEn este documental, el director estadounidense Peter Sanders reconstruye la trágica historia de un hijo de desaparecidos apropiado por los militares, que logró descubrir su verdadera identidad. | ||
| 650 | 4 | _aARGENTINA | |
| 650 | 4 | _aDELITOS | |
| 650 | 4 | _aDICTADURA | |
| 650 | 4 | _aGENOCIDIO | |
| 650 | 4 | _aGOBIERNO MILITAR | |
| 650 | 4 | _aHISTORIA | |
| 650 | 4 | _aVIOLENCIA | |
| 651 | 4 | _aArgentina | |
| 653 | _aCINE | ||
| 653 | _aCINE ESTADOUNIDENSE | ||
| 653 | _aDESAPARECIDOS | ||
| 653 | _aDOCUMENTALES | ||
| 653 | _aDVD | ||
| 653 | _aREPRESION | ||
| 905 | _a42274 | ||
| 942 | _cDVD | ||
| 999 |
_c53819 _d53819 |
||